[Event "ch-RUS U20 w"]
[Site "St Petersburg RUS"]
[Date "2011.03.04"]
[Round "1"]
[White "Bodnaruk, Anastasia"]
[Black "Pustovoitova, Daria"]
[Result "1-0"]
[WhiteTitle "IM"]
[BlackTitle "FM"]
[WhiteElo "2423"]
[BlackElo "2333"]
[WhiteFideId "4181751"]
[BlackFideId "4182146"]
[EventDate "2011.03.04"]

1. e4 c6 2. d4 d5 3. Nc3 dxe4 4. Nxe4 Bf5 5. Ng3 Bg6 6. h4 h6 7. Nf3 Nd7 8. h5
Bh7 9. Bd3 Bxd3 10. Qxd3 e6 11. Bd2 Ngf6 12. O-O-O Be7 13. Kb1 O-O 14. Ne4 Nxe4
15. Qxe4 Nf6 16. Qe2 Qd5 17. Be3 Rfd8 18. Ka1 Ng4 19. Bc1 c5 20. c4 Qf5 21. Ne5
Nxe5 22. dxe5 Rd4 23. Rxd4 cxd4 24. Rd1 Rd8 25. Rd3 f6 26. f4 fxe5 27. fxe5 Rf8
28. Rf3 d3 29. Rxd3 Qf1 30. Qc2 Rf2 31. Rd1 Rxc2 32. Rxf1 Rxg2 33. Be3 a6 34.
Kb1 Rh2 35. Rd1 Rxh5 36. Rd7 Rxe5 37. Bd4 Re4 38. Kc2 e5 39. Bc3 Bg5 40. c5 Rc4
41. b4 h5 42. Kb3 Rxc3+ 43. Kxc3 h4 44. Rxb7 h3 45. Rd7 e4 46. Rd1 h2 47. a4 Be3
48. c6 Bb6 49. a5 Bc7 50. Kd4 Kf7 51. Kxe4 Ke6 52. Kf3 g5 53. Kg2 Bd6 54. b5
axb5 55. a6 1-0

[Event "ch-RUS U20 w"]
[Site "St Petersburg RUS"]
[Date "2011.03.04"]
[Round "1"]
[White "Matveeva, Olga"]
[Black "Savina, Anastasia"]
[Result "1/2-1/2"]
[WhiteTitle "WFM"]
[BlackTitle "WGM"]
[WhiteElo "2190"]
[BlackElo "2383"]
[WhiteFideId "24107018"]
[BlackFideId "4196872"]
[EventDate "2011.03.04"]

1. d4 Nf6 2. c4 g6 3. Nc3 Bg7 4. e4 d6 5. f4 c5 6. d5 O-O 7. Nf3 e6 8. dxe6 Bxe6
9. Bd3 Nc6 10. f5 Bd7 11. O-O Ng4 12. Bg5 Bf6 13. Bxf6 Qxf6 14. Nd5 Qg7 15. Qd2
Nd4 16. Kh1 Bc6 17. h3 Nxf3 18. Rxf3 Qh6 19. Qxh6 Nxh6 20. g4 Bxd5 21. exd5 g5
22. Re1 Rfe8 23. Rxe8+ Rxe8 24. f6 Kh8 25. Kg2 Re1 26. Kf2 Rd1 27. Ke2 Rh1 28.
Re3 Ng8 29. Re7 Rh2+ 30. Ke1 Rxh3 31. Rxf7 Nxf6 32. Bf5 Ne4 33. Rxb7 Rh1+ 34.
Ke2 Ng3+ 35. Kf2 Nxf5 36. gxf5 Rh4 37. f6 Rf4+ 38. Kg3 Rxf6 39. Rxa7 Rf4 40. Rd7
Rxc4 41. Rxd6 Kg7 42. Rc6 h5 43. d6 Kf7 44. d7 Ke7 45. Rd6 Kd8 46. Rd5 g4 47.
Rxh5 1/2-1/2

[Event "ch-RUS U20 w"]
[Site "St Petersburg RUS"]
[Date "2011.03.04"]
[Round "1"]
[White "Girya, Olga"]
[Black "Kashlinskaya, Alina"]
[Result "1/2-1/2"]
[WhiteTitle "WGM"]
[BlackTitle "WGM"]
[WhiteElo "2425"]
[BlackElo "2320"]
[WhiteFideId "4195752"]
[BlackFideId "4198026"]
[EventDate "2011.03.04"]

1. d4 Nf6 2. Nf3 g6 3. Bg5 Bg7 4. Nbd2 O-O 5. c3 d6 6. e4 c5 7. dxc5 dxc5 8. Bc4
Nc6 9. Qe2 Na5 10. e5 Nd5 11. Rd1 Be6 12. Bxd5 Bxd5 13. Ne4 h6 14. Bxe7 Qxe7 15.
Rxd5 Qe6 16. Qd3 b6 17. O-O Nc6 18. Re1 Rad8 19. Rd6 Qxa2 20. Nf6+ Bxf6 21. exf6
Qa4 22. Qe3 Kh7 23. b3 Rfe8 24. Rxc6 Qxb3 25. Ne5 Qd5 26. h4 Rxe5 27. Qxe5 Qxc6
28. h5 g5 29. Qe7 Qd7 30. Qe4+ Kg8 31. Qf3 a5 32. Kh2 a4 33. Re7 Qd6+ 34. g3 b5
35. Ra7 Qd1 36. Qb7 Qxh5+ 37. Kg2 Qg6 38. Qxb5 Qe4+ 39. Kh2 Qf5 40. Qe2 Qxf6 41.
Qe3 Rd5 42. Rxa4 Re5 43. Ra6 Qf5 44. Qd2 Qf3 45. Rxh6 Rd5 46. Qe3 Qxe3 47. fxe3
Rd3 48. Rc6 Rxc3 49. Kh3 Kf8 50. Kg4 Ke7 51. Kxg5 Kd7 52. Rf6 Ke7 53. Rc6 Rc1
54. Kf5 Kd7 55. Ra6 c4 1/2-1/2

[Event "ch-RUS U20 w"]
[Site "St Petersburg RUS"]
[Date "2011.03.05"]
[Round "2"]
[White "Bodnaruk, Anastasia"]
[Black "Girya, Olga"]
[Result "1-0"]
[WhiteTitle "IM"]
[BlackTitle "WGM"]
[WhiteElo "2423"]
[BlackElo "2425"]
[WhiteFideId "4181751"]
[BlackFideId "4195752"]
[EventDate "2011.03.04"]

1. e4 c5 2. Nc3 e6 3. Nge2 a6 4. g3 Nc6 5. Bg2 d6 6. d4 cxd4 7. Nxd4 Bd7 8. O-O
Be7 9. Be3 Nf6 10. h3 Qc7 11. Qe2 Rc8 12. g4 Nxd4 13. Bxd4 Qc4 14. Qd2 e5 15.
Be3 Bc6 16. b3 Qe6 17. Nd5 Bxd5 18. exd5 Qd7 19. c4 O-O 20. f4 exf4 21. Bxf4 b5
22. cxb5 Qxb5 23. Rac1 Rc5 24. Be3 Rxd5 25. Bxd5 Nxd5 26. Rf5 1-0

[Event "ch-RUS U20 w"]
[Site "St Petersburg RUS"]
[Date "2011.03.05"]
[Round "2"]
[White "Kashlinskaya, Alina"]
[Black "Matveeva, Olga"]
[Result "1/2-1/2"]
[WhiteTitle "WGM"]
[BlackTitle "WFM"]
[WhiteElo "2320"]
[BlackElo "2190"]
[WhiteFideId "4198026"]
[BlackFideId "24107018"]
[EventDate "2011.03.04"]

1. d4 Nf6 2. c4 e5 3. dxe5 Ng4 4. Nf3 Bc5 5. e3 Nc6 6. Be2 Ngxe5 7. Nxe5 Nxe5 8.
O-O O-O 9. Nc3 d6 10. Na4 Bf5 11. Bd2 c6 12. Bc3 Re8 13. Nxc5 dxc5 14. Qxd8
Raxd8 15. Rfd1 f6 16. Rxd8 Rxd8 17. f3 Kf7 18. e4 Be6 19. b3 g5 20. Rf1 a6 21.
g3 Ke7 22. Ba5 Rd4 23. Bc3 Rd8 24. Ba5 Rd4 25. Kf2 b5 26. cxb5 cxb5 27. Ke3 Rd6
28. Rc1 Rc6 29. Bc3 Rc8 30. Be1 h5 31. Rc2 Rc6 32. Rc1 Rc8 33. Rc2 Rc6 34. Bd2
Rc8 35. Bc3 Rc6 36. Rc1 Rc8 37. Bd2 Rc6 38. Rh1 Rc8 39. f4 gxf4+ 40. gxf4 Ng4+
41. Bxg4 hxg4 42. f5 Bf7 43. Kf4 1/2-1/2

[Event "ch-RUS U20 w"]
[Site "St Petersburg RUS"]
[Date "2011.03.05"]
[Round "2"]
[White "Pustovoitova, Daria"]
[Black "Savina, Anastasia"]
[Result "0-1"]
[WhiteTitle "FM"]
[BlackTitle "WGM"]
[WhiteElo "2333"]
[BlackElo "2383"]
[WhiteFideId "4182146"]
[BlackFideId "4196872"]
[EventDate "2011.03.04"]

1. d4 Nf6 2. c4 g6 3. g3 Bg7 4. Bg2 O-O 5. Nc3 d6 6. Nf3 Nc6 7. O-O a6 8. e3 Rb8
9. Qe2 b5 10. Rd1 bxc4 11. Qxc4 Bb7 12. Qe2 a5 13. e4 Nb4 14. Ne1 Ba6 15. Qf3
Nd7 16. Be3 c5 17. b3 Nc6 18. Nc2 Rc8 19. Rac1 cxd4 20. Bxd4 Bh6 21. Bf1 Nde5
22. Qg2 Bxf1 23. Qxf1 Bxc1 24. f4 0-1

[Event "ch-RUS U20 w"]
[Site "St Petersburg RUS"]
[Date "2011.03.06"]
[Round "3"]
[White "Matveeva, Olga"]
[Black "Bodnaruk, Anastasia"]
[Result "1/2-1/2"]
[WhiteTitle "WFM"]
[BlackTitle "IM"]
[WhiteElo "2190"]
[BlackElo "2423"]
[WhiteFideId "24107018"]
[BlackFideId "4181751"]
[EventDate "2011.03.04"]

1. d4 Nf6 2. c4 g6 3. Nc3 Bg7 4. e4 d6 5. f4 O-O 6. Nf3 c5 7. d5 e6 8. dxe6 fxe6
9. Be2 Nc6 10. O-O a6 11. Kh1 Qe7 12. Qd3 b5 13. cxb5 axb5 14. Nxb5 Ba6 15. Qb1
Nh5 16. Ng5 d5 17. a4 Bxb5 18. Bxb5 Nd4 19. Be3 Rab8 20. Bxd4 Bxd4 21. g3 Ng7
22. Nf3 dxe4 23. Nxd4 cxd4 24. Qxe4 Nf5 25. Rac1 Rfc8 26. Rfe1 Ne3 27. b3 Kf7
28. Bc4 Qd6 29. a5 Rd8 30. Ra1 Nxc4 31. bxc4 d3 32. c5 Qd5 33. Qxd5 Rxd5 34.
Red1 Ke7 35. Rd2 Kd7 36. Ra3 Kc6 37. Raxd3 Rb1+ 38. Kg2 Ra1 39. Rxd5 exd5 40. g4
Kxc5 41. f5 gxf5 42. gxf5 Rxa5 43. Kg3 Ra1 44. Kf4 d4 45. Rf2 Kd6 46. Ke4 Ke7
47. f6+ Kf7 48. Kxd4 Ra6 49. Rf5 Rxf6 1/2-1/2

[Event "ch-RUS U20 w"]
[Site "St Petersburg RUS"]
[Date "2011.03.06"]
[Round "3"]
[White "Savina, Anastasia"]
[Black "Kashlinskaya, Alina"]
[Result "1-0"]
[WhiteTitle "WGM"]
[BlackTitle "WGM"]
[WhiteElo "2383"]
[BlackElo "2320"]
[WhiteFideId "4196872"]
[BlackFideId "4198026"]
[EventDate "2011.03.04"]

1. d4 d5 2. c4 e6 3. Nf3 Nf6 4. g3 dxc4 5. Bg2 Nc6 6. Qa4 Bb4+ 7. Bd2 Bd6 8. Ne5
Bxe5 9. dxe5 Nd5 10. f4 f6 11. Qxc4 O-O 12. Nc3 Nb6 13. Qc5 fxe5 14. O-O-O Bd7
15. fxe5 Rf5 16. Bf4 Nxe5 17. Bxe5 Qg5+ 18. Kb1 Rxe5 19. Qxc7 Rc8 20. Qxb7 Be8
21. Ka1 Rec5 22. h4 Qe5 23. Qe4 Qc7 24. Bh3 Kh8 25. Bxe6 Rxc3 26. Bxc8 Qxc8 27.
bxc3 Ba4 28. Qd4 Qe6 29. Rhf1 h6 30. Rf8+ Kh7 31. Qd3+ g6 32. Qd4 1-0

[Event "ch-RUS U20 w"]
[Site "St Petersburg RUS"]
[Date "2011.03.06"]
[Round "3"]
[White "Girya, Olga"]
[Black "Pustovoitova, Daria"]
[Result "1-0"]
[WhiteTitle "WGM"]
[BlackTitle "FM"]
[WhiteElo "2425"]
[BlackElo "2333"]
[WhiteFideId "4195752"]
[BlackFideId "4182146"]
[EventDate "2011.03.04"]

1. d4 d5 2. Nf3 e6 3. c4 Nf6 4. Nc3 c6 5. Bg5 h6 6. Bxf6 Qxf6 7. e3 Nd7 8. Bd3
Bb4 9. O-O Qe7 10. Qc2 O-O 11. a3 Bd6 12. Rfe1 dxc4 13. Bxc4 b5 14. Ba2 Bb7 15.
e4 e5 16. d5 Rac8 17. Qe2 a6 18. Rac1 Nb6 19. dxc6 Bxc6 20. Nd2 b4 21. axb4 Bxb4
22. Qxa6 Bxc3 23. Rxc3 Qd8 24. Qe2 Na4 25. Rg3 Nxb2 26. Nf1 Na4 27. Qh5 Qf6 28.
Rg6 Qf4 29. g3 Qxe4 30. Rxe4 Bxe4 31. Rxh6 gxh6 32. Qg4+ Kh8 33. Qxe4 Nc3 34.
Qxe5+ f6 35. Qa5 Ne2+ 36. Kg2 Ra8 37. Qd2 1-0

[Event "ch-RUS U20 w"]
[Site "St Petersburg RUS"]
[Date "2011.03.07"]
[Round "4"]
[White "Savina, Anastasia"]
[Black "Girya, Olga"]
[Result "1/2-1/2"]
[WhiteTitle "WGM"]
[BlackTitle "WGM"]
[WhiteElo "2383"]
[BlackElo "2425"]
[WhiteFideId "4196872"]
[BlackFideId "4195752"]
[EventDate "2011.03.04"]

1. d4 d5 2. c4 c6 3. Nc3 Nf6 4. e3 g6 5. Nf3 Bg7 6. Be2 O-O 7. O-O e6 8. b3 Nbd7
9. Ba3 Re8 10. Bd6 b6 11. Rc1 Ba6 12. cxd5 Bxe2 13. Nxe2 cxd5 14. Nc3 Bf8 15.
Nb5 Bxd6 16. Nxd6 Rf8 17. Qc2 Ne8 18. Qc6 Nxd6 19. Qxd6 Rc8 20. Qa3 a5 21. Rxc8
Qxc8 22. Rc1 Qb7 23. Qe7 Rc8 24. Rxc8+ Qxc8 25. g4 h6 26. h4 Kg7 27. h5 g5 28.
a4 Kg8 29. Kg2 Kg7 30. Kg1 Qc1+ 31. Kg2 Qc8 32. Kg1 Qc1+ 33. Kg2 Qc8 1/2-1/2

[Event "ch-RUS U20 w"]
[Site "St Petersburg RUS"]
[Date "2011.03.07"]
[Round "4"]
[White "Kashlinskaya, Alina"]
[Black "Bodnaruk, Anastasia"]
[Result "1/2-1/2"]
[WhiteTitle "WGM"]
[BlackTitle "IM"]
[WhiteElo "2320"]
[BlackElo "2423"]
[WhiteFideId "4198026"]
[BlackFideId "4181751"]
[EventDate "2011.03.04"]

1. d4 Nf6 2. c4 g6 3. Nf3 Bg7 4. g3 O-O 5. Bg2 d6 6. Nc3 Nc6 7. O-O a6 8. Qd3
Bd7 9. d5 Nb4 10. Qd1 a5 11. e4 e5 12. Ne1 Nh5 13. Be3 Qe8 14. a3 Na6 15. Nd3 f5
16. Qd2 b6 17. f4 Nc5 18. fxe5 Nxd3 19. Qxd3 Bxe5 20. exf5 Bxf5 21. Qd2 Nf6 22.
Bd4 Bxd4+ 23. Qxd4 Ng4 24. Rae1 Ne5 25. g4 Bxg4 26. Rxf8+ Kxf8 27. Rxe5 Qxe5 28.
Qxg4 Qe3+ 29. Kf1 Kg7 30. Qd7+ Kh8 31. Qf7 Qc1+ 32. Ke2 Qxb2+ 33. Kd3 Qxg2 34.
Qf6+ Kg8 35. Qe6+ Kh8 36. Qf6+ Kg8 37. Qe6+ Kh8 38. Qf6+ Kg8 39. Qe6+ Kh8 40.
Qf6+ Kg8 41. Qe6+ 1/2-1/2

[Event "ch-RUS U20 w"]
[Site "St Petersburg RUS"]
[Date "2011.03.07"]
[Round "4"]
[White "Matveeva, Olga"]
[Black "Pustovoitova, Daria"]
[Result "0-1"]
[WhiteTitle "WFM"]
[BlackTitle "FM"]
[WhiteElo "2190"]
[BlackElo "2333"]
[WhiteFideId "24107018"]
[BlackFideId "4182146"]
[EventDate "2011.03.04"]

1. d4 Nf6 2. c4 c5 3. d5 b5 4. cxb5 a6 5. b6 e6 6. Nc3 Bb7 7. Bg5 exd5 8. Nxd5
Bxd5 9. Bxf6 Qxf6 10. Qxd5 Qxb2 11. Rd1 c4 12. Qe4+ Kd8 13. f4 Qc3+ 14. Rd2 Qc1+
15. Kf2 Qxd2 16. Nf3 Bc5+ 17. Kg3 Qe3 18. Qxa8 Bd6 19. Qd5 Qxf4+ 20. Kf2 Re8 21.
g3 Qe3+ 22. Kg2 Qc5 23. e4 Qxd5 24. exd5 c3 25. Bd3 Re3 26. Bc4 Ba3 27. Nd4 Re4
28. Rd1 Rxd4 0-1

[Event "ch-RUS U20 w"]
[Site "St Petersburg RUS"]
[Date "2011.03.08"]
[Round "5"]
[White "Pustovoitova, Daria"]
[Black "Kashlinskaya, Alina"]
[Result "0-1"]
[WhiteTitle "FM"]
[BlackTitle "WGM"]
[WhiteElo "2333"]
[BlackElo "2320"]
[WhiteFideId "4182146"]
[BlackFideId "4198026"]
[EventDate "2011.03.04"]

1. d4 Nf6 2. c4 g6 3. g3 Bg7 4. Bg2 O-O 5. Nc3 d6 6. Nf3 Nc6 7. O-O a6 8. b3 Rb8
9. Nd5 Nd7 10. Bb2 e6 11. Nf4 Ne7 12. Qc2 e5 13. dxe5 dxe5 14. Nd5 Nf5 15. e3 c6
16. Nc3 Qe7 17. Rad1 b5 18. cxb5 axb5 19. Ne4 c5 20. Rd2 Bb7 21. Rfd1 Rfd8 22.
Ne1 Rbc8 23. Bh3 Nd4 24. Qb1 f5 25. Nc3 Nf3+ 26. Nxf3 Bxf3 27. Rc1 Nf6 28. Rxd8+
Rxd8 29. Bg2 Bxg2 30. Kxg2 b4 31. Na4 Qb7+ 32. Kg1 Qf3 33. Qc2 Ne4 34. Rf1 h6
35. Bc1 Kh7 36. Nb2 Nc3 37. Re1 e4 38. Nc4 h5 39. Nd2 Qg4 40. Kg2 h4 41. h3 Qh5
42. a4 hxg3 43. fxg3 Be5 44. Nf1 Qf3+ 45. Kh2 Rd1 46. Rxd1 Ne2 47. Rd7+ Kh6 48.
Qxe2 Qxe2+ 49. Kg1 Qc2 50. Rd5 Qxc1 51. Rxe5 c4 52. Rc5 c3 53. a5 Qa3 0-1

[Event "ch-RUS U20 w"]
[Site "St Petersburg RUS"]
[Date "2011.03.08"]
[Round "5"]
[White "Bodnaruk, Anastasia"]
[Black "Savina, Anastasia"]
[Result "1/2-1/2"]
[WhiteTitle "IM"]
[BlackTitle "WGM"]
[WhiteElo "2423"]
[BlackElo "2383"]
[WhiteFideId "4181751"]
[BlackFideId "4196872"]
[EventDate "2011.03.04"]

1. e4 c5 2. Ne2 Nc6 3. Nbc3 Nf6 4. d4 cxd4 5. Nxd4 e5 6. Ndb5 d6 7. Bg5 a6 8.
Na3 b5 9. Nd5 Be7 10. Bxf6 Bxf6 11. c4 b4 12. Nc2 O-O 13. Be2 Rb8 14. b3 a5 15.
O-O Bg5 16. Nde3 g6 17. Qd3 Be6 18. Rad1 Qb6 19. g3 Rbd8 20. f4 exf4 21. gxf4
Bh6 22. Kh1 f5 23. exf5 Bxf5 24. Nxf5 Rxf5 25. Ne3 Rff8 26. Nd5 Qa7 27. f5 gxf5
28. Rxf5 Bg7 29. Rh5 Bd4 30. Qg3+ Kh8 31. Bd3 Rd7 32. Rg5 Be5 33. Qh3 Nd4 34.
Rf1 Rxf1+ 35. Bxf1 Rd8 36. Bd3 Qd7 37. Qg2 Qf7 38. Qe4 Rg8 39. Rxg8+ Kxg8 40.
Qg4+ Kh8 41. Qc8+ Kg7 42. Qg4+ Kh8 43. Qc8+ Kg7 44. Qg4+ Kh8 1/2-1/2

[Event "ch-RUS U20 w"]
[Site "St Petersburg RUS"]
[Date "2011.03.08"]
[Round "5"]
[White "Girya, Olga"]
[Black "Matveeva, Olga"]
[Result "1/2-1/2"]
[WhiteTitle "WGM"]
[BlackTitle "WFM"]
[WhiteElo "2425"]
[BlackElo "2190"]
[WhiteFideId "4195752"]
[BlackFideId "24107018"]
[EventDate "2011.03.04"]

1. d4 Nf6 2. Nf3 c5 3. d5 e6 4. c4 exd5 5. cxd5 Bd6 6. Nc3 Bc7 7. Bg5 d6 8. e3
O-O 9. Bd3 Re8 10. h3 Nbd7 11. O-O a6 12. a4 Rb8 13. Bh4 h6 14. Nd2 Ne5 15. Bb1
Ng6 16. Bxg6 fxg6 17. Nde4 g5 18. Nxf6+ Qxf6 19. Bg3 b5 20. axb5 axb5 21. e4 Qg6
22. Re1 c4 23. Qc2 h5 24. Bh2 Bd8 25. Re2 g4 26. hxg4 Bxg4 27. Ree1 Bf3 28. Bg3
Bb6 29. Kf1 h4 30. gxf3 hxg3 31. fxg3 Qxg3 32. Qg2 Qf4 33. Ne2 Qd2 34. Ng3 Qd3+
35. Qe2 Qd4 36. Kg2 Qf6 37. Rf1 Bd4 38. Rab1 Ra8 39. f4 Ra2 40. Qh5 Qf7 41.
Qxf7+ Kxf7 42. Nf5 Bc5 43. Kf3 g6 44. Ng3 Bd4 45. b3 Ra3 46. e5 dxe5 47. Ke4 Kg7
48. Ne2 exf4+ 49. Kxd4 Rxe2 50. bxc4 bxc4 51. Rxf4 c3 52. Rff1 Rd2+ 53. Ke5 Re2+
54. Kd4 c2 1/2-1/2

[Event "ch-RUS U20 w"]
[Site "St Petersburg RUS"]
[Date "2011.03.10"]
[Round "6"]
[White "Savina, Anastasia"]
[Black "Matveeva, Olga"]
[Result "1-0"]
[WhiteTitle "WGM"]
[BlackTitle "WFM"]
[WhiteElo "2383"]
[BlackElo "2190"]
[WhiteFideId "4196872"]
[BlackFideId "24107018"]
[EventDate "2011.03.04"]

1. d4 Nf6 2. c4 c5 3. d5 e5 4. Nc3 d6 5. e4 Nbd7 6. g3 a6 7. a4 g6 8. Bg2 Bg7 9.
Nf3 O-O 10. O-O a5 11. Qc2 Nb8 12. Bg5 h6 13. Bd2 Na6 14. Ne1 Nb4 15. Qc1 Kh7
16. Nb5 Nh5 17. f4 exf4 18. gxf4 f5 19. e5 dxe5 20. fxe5 Bxe5 21. Bxh6 Bxh2+ 22.
Kxh2 Qh4+ 23. Kg1 Ng3 24. Rf2 Qxh6 25. Qxh6+ Kxh6 26. Ra3 Nh5 27. Re3 Bd7 28.
Nd6 b6 29. Re7 Bxa4 30. Nf7+ Rxf7 31. Rxf7 Bb3 32. Bf1 b5 33. Rc7 bxc4 34. d6
Rd8 35. d7 Nf6 36. Rd2 Nbd5 37. Rb7 a4 38. Bg2 c3 39. bxc3 Nxc3 40. Rd6 Kg7 41.
Nd3 Bc4 42. Ne5 Bb5 43. Bc6 Ba6 44. Ra7 Bb5 45. Bxb5 Nxb5 46. Nc6 Nxd6 47. Nxd8
Kh6 48. Ne6 Nf7 49. d8=Q Nxd8 50. Nxd8 g5 51. Rxa4 g4 52. Ne6 Ne4 53. Rc4 Kh5
54. Nxc5 Nd2 55. Ra4 Kh4 56. Kg2 Nf3 57. Nd3 1-0

[Event "ch-RUS U20 w"]
[Site "St Petersburg RUS"]
[Date "2011.03.10"]
[Round "6"]
[White "Pustovoitova, Daria"]
[Black "Bodnaruk, Anastasia"]
[Result "1/2-1/2"]
[WhiteTitle "FM"]
[BlackTitle "IM"]
[WhiteElo "2333"]
[BlackElo "2423"]
[WhiteFideId "4182146"]
[BlackFideId "4181751"]
[EventDate "2011.03.04"]

1. d4 Nf6 2. c4 g6 3. g3 Bg7 4. Bg2 O-O 5. Nc3 d6 6. Nf3 Nc6 7. O-O a6 8. d5 Na5
9. Nd2 c5 10. Qc2 Rb8 11. b3 b5 12. Rb1 Bf5 13. e4 Bd7 14. Bb2 e5 15. Nd1 Nh5
16. f4 bxc4 17. bxc4 f5 18. Bf3 fxe4 19. Bxh5 gxh5 20. Nxe4 Bf5 21. Ne3 Bxe4 22.
Qxe4 Rxb2 23. Rxb2 exf4 24. Rbf2 fxe3 25. Rxf8+ Bxf8 26. Qe6+ Kh8 27. Rf7 Nxc4
28. Rd7 Qg5 29. Qe4 Qg6 30. Qxc4 Qe8 31. Qf4 e2 32. Qf6+ Kg8 33. Qg5+ Kh8 34.
Qf6+ Kg8 35. Qg5+ Kh8 36. Qf6+ Kg8 37. Qg5+ Kh8 38. Qf6+ Kg8 39. Qg5+ Kh8 40.
Qf6+ Kg8 41. Qg5+ 1/2-1/2

[Event "ch-RUS U20 w"]
[Site "St Petersburg RUS"]
[Date "2011.03.10"]
[Round "6"]
[White "Kashlinskaya, Alina"]
[Black "Girya, Olga"]
[Result "1-0"]
[WhiteTitle "WGM"]
[BlackTitle "WGM"]
[WhiteElo "2320"]
[BlackElo "2425"]
[WhiteFideId "4198026"]
[BlackFideId "4195752"]
[EventDate "2011.03.04"]

1. d4 Nf6 2. c4 c5 3. d5 e6 4. Nc3 exd5 5. cxd5 d6 6. g3 g6 7. Nf3 Bg7 8. Bg2
O-O 9. O-O Re8 10. Bf4 Nh5 11. Bg5 Qb6 12. Qa4 Bd7 13. Qc2 h6 14. Bd2 Na6 15.
Rfe1 Nf6 16. e4 Nb4 17. Qb1 Re7 18. a3 Na6 19. Bf4 c4 20. Qc2 Ne8 21. Be3 Nc5
22. Bf1 Qb3 23. Qc1 Rc8 24. e5 dxe5 25. Nd2 Qb6 26. Nxc4 Qd8 27. Bxc5 Rxc5 28.
Qe3 b6 29. Rac1 Nf6 30. d6 Re8 31. Qd2 b5 32. Ne3 a6 33. b4 Rc8 34. Ned5 Nxd5
35. Nxd5 Kh7 36. Nc7 Rf8 37. Bg2 h5 38. Rc5 f5 39. Rcxe5 Bxe5 40. Rxe5 Rf7 41.
f4 Qf6 42. Nxa6 Re8 43. Qd5 Re6 44. Rxe6 Bxe6 45. Qe5 Bc4 46. Nc5 Qd8 47. Bc6
Ra7 48. d7 Rxa3 49. Nb7 Qb6+ 50. Qc5 Qa6 51. Na5 Ra1+ 52. Kg2 Ra2+ 53. Kh3 Bf1+
54. Kh4 Rxh2+ 55. Kg5 1-0

[Event "ch-RUS U20 w"]
[Site "St Petersburg RUS"]
[Date "2011.03.11"]
[Round "7"]
[White "Girya, Olga"]
[Black "Bodnaruk, Anastasia"]
[Result "0-1"]
[WhiteTitle "WGM"]
[BlackTitle "IM"]
[WhiteElo "2425"]
[BlackElo "2423"]
[WhiteFideId "4195752"]
[BlackFideId "4181751"]
[EventDate "2011.03.04"]

1. d4 Nf6 2. Nf3 g6 3. Bg5 Bg7 4. Nbd2 d5 5. Bxf6 Bxf6 6. e4 dxe4 7. Nxe4 Bg7 8.
Bc4 O-O 9. c3 Nd7 10. O-O Nf6 11. Nxf6+ exf6 12. Qb3 b6 13. Rad1 Bb7 14. Nd2 a6
15. Rfe1 Qd7 16. Be2 Bh6 17. Nf1 Rfe8 18. d5 Re5 19. Bf3 Rae8 20. Rxe5 Rxe5 21.
c4 Bf8 22. Ng3 f5 23. Qc3 Bg7 24. Qd2 a5 25. c5 bxc5 26. Qxa5 Qd6 27. Qd2 Ba6
28. h3 Re8 29. Ne2 Qb6 30. Nc3 Bd4 31. Qc2 Qd6 32. b3 Qf4 33. d6 Be5 34. g3 Qxf3
35. d7 Rd8 36. Re1 Bb7 0-1

[Event "ch-RUS U20 w"]
[Site "St Petersburg RUS"]
[Date "2011.03.11"]
[Round "7"]
[White "Matveeva, Olga"]
[Black "Kashlinskaya, Alina"]
[Result "0-1"]
[WhiteTitle "WFM"]
[BlackTitle "WGM"]
[WhiteElo "2190"]
[BlackElo "2320"]
[WhiteFideId "24107018"]
[BlackFideId "4198026"]
[EventDate "2011.03.04"]

1. d4 Nf6 2. c4 g6 3. Nc3 Bg7 4. e4 d6 5. f4 O-O 6. Nf3 Na6 7. Be2 e5 8. fxe5
dxe5 9. d5 Nc5 10. Bg5 h6 11. Bxf6 Qxf6 12. b4 Na6 13. Rb1 c5 14. a3 Qd6 15. Qb3
f5 16. O-O Bd7 17. Ne1 Rfc8 18. Kh1 f4 19. Nd3 b6 20. Rfc1 Bf8 21. Nb5 Qf6 22.
Qd1 h5 23. Rc2 Be7 24. Rcc1 Bf8 25. Rc2 Kh7 26. Bxh5 gxh5 27. Qxh5+ Kg8 28. Qxe5
Bg7 29. Qxf6 Bxf6 30. e5 Bf5 31. Rd1 Bxd3 32. Rxd3 Bxe5 33. Re2 Re8 34. d6 Bxd6 0-1

[Event "ch-RUS U20 w"]
[Site "St Petersburg RUS"]
[Date "2011.03.12"]
[Round "8"]
[White "Kashlinskaya, Alina"]
[Black "Savina, Anastasia"]
[Result "1/2-1/2"]
[WhiteTitle "WGM"]
[BlackTitle "WGM"]
[WhiteElo "2320"]
[BlackElo "2383"]
[WhiteFideId "4198026"]
[BlackFideId "4196872"]
[EventDate "2011.03.04"]

1. d4 Nf6 2. c4 g6 3. Nc3 Bg7 4. e4 d6 5. Nf3 O-O 6. Be2 e5 7. O-O Nc6 8. d5 Ne7
9. b4 Nh5 10. Re1 a5 11. bxa5 Rxa5 12. Nd2 Nf4 13. Bf1 c5 14. a4 Ra6 15. Ra3 Nh5
16. Nb5 Nf6 17. g3 Ne8 18. Bg2 f5 19. f4 exf4 20. gxf4 fxe4 21. Nxe4 h6 22. Ng3
Nf6 23. Rae3 Nf5 24. Nxf5 Bxf5 25. Bf3 Rf7 26. Bb2 Kh7 27. Bc3 h5 28. Qa1 Bg4
29. Bg2 Bd7 30. Re6 Ne8 31. f5 gxf5 32. Qd1 Qg5 33. Bd2 f4 34. Qc2+ Kg8 35.
Rxe8+ Bxe8 36. Rxe8+ Bf8 37. Re6 Rg7 38. Bc3 f3 39. Bxg7 Bxg7 40. Re8+ Kf7 41.
Rb8 Rxa4 42. Nxd6+ Ke7 43. Nf5+ Kf6 44. Ng3 Ra1+ 45. Kf2 fxg2 46. Kxg2 h4 47.
Rxb7 hxg3 48. Qb2+ Qe5 49. Qxe5+ Kxe5 50. Rxg7 gxh2 51. Kxh2 Rc1 52. Rg4 Kf5 53.
Rh4 Kg5 54. Re4 1/2-1/2

[Event "ch-RUS U20 w"]
[Site "St Petersburg RUS"]
[Date "2011.03.12"]
[Round "8"]
[White "Bodnaruk, Anastasia"]
[Black "Matveeva, Olga"]
[Result "0-1"]
[WhiteTitle "IM"]
[BlackTitle "WFM"]
[WhiteElo "2423"]
[BlackElo "2190"]
[WhiteFideId "4181751"]
[BlackFideId "24107018"]
[EventDate "2011.03.04"]

1. e4 e5 2. Nf3 d6 3. Bc4 Nc6 4. c3 Be7 5. O-O Nf6 6. d3 O-O 7. Re1 Na5 8. Bb5
a6 9. Ba4 b5 10. Bc2 c5 11. Nbd2 Nc6 12. Nf1 Be6 13. h3 h6 14. Ng3 Rc8 15. Nh2
Nh7 16. f4 Bh4 17. Qf3 exf4 18. Bxf4 Ne5 19. Qe3 Ng6 20. Rf1 Nxf4 21. Qxf4 Bg5
22. Qf3 d5 23. d4 cxd4 24. e5 dxc3 25. bxc3 Qc7 26. h4 Bxh4 27. Nf5 Qxc3 28. Qg4
Bxf5 29. Bxf5 Qe3+ 30. Kh1 Rc4 31. Qh5 Bg3 32. Ng4 Qg5 33. Qxg5 Nxg5 34. Rad1 h5
35. Ne3 Rh4+ 36. Bh3 Nxh3 37. gxh3 Bxe5 38. Kg2 Ra4 39. Rxd5 Rxa2+ 40. Kf3 f6
41. Nf5 Ra3+ 42. Kf2 Rf7 43. Rc1 Rxh3 44. Rc8+ Kh7 45. Kg2 Rc3 46. Re8 Rfc7 47.
Rdd8 Rc2+ 48. Kf1 Rh2 0-1